书目信息 |
| 题名: |
天地交而万物通
|
|
| 作者: | 刘仲林 著 | |
| 分册: | ||
| 出版信息: | 桂林 广西师范大学出版社 2004 |
|
| 页数: | 193页 | |
| 开本: | 21cm | |
| 丛书名: | 科学文化随笔丛书 | |
| 单 册: | ||
| 中图分类: | N02-53 | |
| 科图分类: | ||
| 主题词: | 科学哲学--文集 | |
| 电子资源: | ||
| ISBN: | 7-5633-4354-7 | |
| 000 | 00784oam2 2200241 450 | |
| 001 | 1554298327 | |
| 005 | 20150118150520.42 | |
| 010 | @a7-5633-4354-7@dCNY12.00 | |
| 100 | @a20040421d2004 emky0chiy50 ea | |
| 101 | 0 | @achi |
| 102 | @aCN@b440000 | |
| 105 | @ay z 000yy | |
| 200 | 1 | @a天地交而万物通@9tian di jiao er wan wu tong@f刘仲林著 |
| 210 | @a桂林@c广西师范大学出版社@d2004 | |
| 215 | @a193页@d21cm | |
| 225 | 2 | @a科学文化随笔丛书 |
| 330 | @a本书收录作者探讨古今科学技术、哲学领域的随笔作品,文章有:《易经》卦“交叉科学”,方兴未艾的跨学科教育,东水何缘到得西等。 | |
| 461 | 0 | @12001 @a科学文化随笔丛书 |
| 606 | 0 | @a科学哲学@j文集 |
| 690 | @aN02-53@v5 | |
| 701 | 0 | @a刘仲林@9liu zhong lin@f(1947~)@4著 |
| 801 | 0 | @aCN@bTSSF@c20150118 |
| 905 | @aZUCC@dN02-53@eJY17 | |
| 天地交而万物通/刘仲林著.-桂林:广西师范大学出版社,2004 |
| 193页;21cm.-(科学文化随笔丛书) |
| ISBN 7-5633-4354-7:CNY12.00 |
| 本书收录作者探讨古今科学技术、哲学领域的随笔作品,文章有:《易经》卦“交叉科学”,方兴未艾的跨学科教育,东水何缘到得西等。 |
| ● |
| 相关链接 |
|
|
|
|
正题名:天地交而万物通
索取号:N02-53/JY17
 
预约/预借
| 序号 | 登录号 | 条形码 | 馆藏地/架位号 | 状态 | 备注 |
| 1 | 7848207 | 278482072 | 学院路分馆/ [索取号:N02-53/JY17] | 在馆 | |
| 2 | 7848208 | 278482081 | 学院路分馆/ [索取号:N02-53/JY17] | 在馆 | |
| 3 | 7848209 | 278482090 | 学院路分馆/ [索取号:N02-53/JY17] | 在馆 | |
| 4 | 7848210 | 278482107 | 学院路分馆/ [索取号:N02-53/JY17] | 在馆 |